[Event "Cto de Aragon por Equipos Preferente"]
[Site "?"]
[Date "2021.04.17"]
[Round "5.39"]
[White "Anson Casaos, Alejandro"]
[Black "Moreno Burillo, Marcos Antonio"]
[Result "1/2-1/2"]
[WhiteElo "1829"]
[BlackElo "1586"]
[PlyCount "51"]
[EventDate "2021.03.13"]
[WhiteTeam "Helios B"]
[BlackTeam "Delicias B"]

1. e4 d6 2. d4 Nf6 3. Nc3 g6 4. h3 Bg7 5. Nf3 O-O 6. Bd3 c6 7. O-O Nbd7 8. Ne2
b5 9. c3 Bb7 10. Ng3 a6 11. Re1 c5 12. Bg5 Qc7 13. Qd2 Rfe8 14. Rac1 Rad8 15.
Bh6 Qa5 16. Bxg7 Kxg7 17. Bb1 cxd4 18. Nxd4 Ne5 19. Qg5 e6 20. Ndf5+ exf5 21.
Nxf5+ Kg8 22. Qxf6 gxf5 23. exf5 Qc7 24. Qg5+ Kh8 25. Qf6+ Kg8 26. Qg5+ 1/2-1/2

[Event "Cto de Aragon por Equipos Preferente"]
[Site "?"]
[Date "2021.04.17"]
[Round "5.40"]
[White "Marco Gines, Emilio"]
[Black "Gonzalez Azuara, Javier"]
[Result "0-1"]
[WhiteElo "1425"]
[BlackElo "1715"]
[PlyCount "76"]
[EventDate "2021.03.13"]
[WhiteTeam "Delicias B"]
[BlackTeam "Helios B"]

1. e4 e6 2. d3 d5 3. Nd2 Nf6 4. Ngf3 Bb4 5. c3 Ba5 6. g3 O-O 7. Bg2 dxe4 8.
dxe4 Qd3 9. Bf1 Qd8 10. Bg2 Bd7 11. O-O Bc6 12. Re1 Bb6 13. h3 a5 14. Ne5 Be8
15. Ndc4 Qxd1 16. Rxd1 Bc5 17. Be3 Be7 18. a4 Nc6 19. f4 Nxe5 20. Nxe5 Bd6 21.
Nc4 Be7 22. e5 Nh5 23. Kh2 f5 24. g4 fxg4 25. hxg4 Nxf4 26. Bxb7 Rb8 27. Nxa5
c5 28. Rd2 Ng6 29. Be4 Nxe5 30. Kg3 Rf7 31. Rh1 g6 32. b3 Bd8 33. Nc4 Nxc4 34.
bxc4 Bc7+ 35. Kg2 Rb3 36. Rd3 Rb2+ 37. Kg1 Bxa4 38. Rh3 Bc2 0-1

[Event "Cto de Aragon por Equipos Preferente"]
[Site "?"]
[Date "2021.04.17"]
[Round "5.41"]
[White "Lacamara Pasamar, Miguel"]
[Black "Aznar Jimenez, Gonzalo"]
[Result "1-0"]
[WhiteElo "1639"]
[BlackElo "1205"]
[PlyCount "93"]
[EventDate "2021.03.13"]
[WhiteTeam "Helios B"]
[BlackTeam "Delicias B"]

1. e4 e5 2. Nf3 Nc6 3. Bc4 Bc5 4. O-O Nf6 5. d3 O-O 6. c3 d6 7. h3 Re8 8. Ng5
Be6 9. Nxe6 fxe6 10. b4 Bb6 11. Bg5 d5 12. exd5 exd5 13. Bxf6 Qxf6 14. Bxd5+
Kh8 15. Qf3 Qxf3 16. Bxf3 Rad8 17. Be4 a6 18. Nd2 Ne7 19. Nc4 Ng6 20. Nxb6 cxb6
21. g3 Re7 22. Bxg6 hxg6 23. Rad1 Kg8 24. Rfe1 Kf7 25. Re3 e4 26. d4 Rc7 27.
Rc1 Rxd4 28. cxd4 Rxc1+ 29. Kg2 Rc4 30. Rxe4 Rxb4 31. Kf3 Ra4 32. Ke3 Rxa2 33.
d5 Ra5 34. Re5 Kf6 35. Re6+ Kf7 36. Kd4 Ra1 37. Rxb6 Rd1+ 38. Ke5 Re1+ 39. Kd4
Rd1+ 40. Kc5 Rc1+ 41. Kd6 Rc2 42. Rxb7+ Kf8 43. Kd7 Rxf2 44. d6 Rf7+ 45. Kc8
Rxb7 46. Kxb7 Ke8 47. Kc7 1-0

[Event "Cto de Aragon por Equipos Preferente"]
[Site "?"]
[Date "2021.04.17"]
[Round "5.42"]
[White "Martinez Blanco, Ruben"]
[Black "Lorente Melcon, Hector"]
[Result "0-1"]
[WhiteElo "1065"]
[BlackElo "1361"]
[PlyCount "124"]
[EventDate "2021.03.13"]
[WhiteTeam "Delicias B"]
[BlackTeam "Helios B"]

1. d4 c5 2. d5 d6 3. c4 Nf6 4. Nc3 g6 5. Nf3 Bg7 6. e4 O-O 7. Be2 Na6 8. O-O
Nc7 9. Qc2 Bd7 10. Bf4 a6 11. a4 Rb8 12. a5 b5 13. axb6 Rxb6 14. Rfe1 Qb8 15.
Rab1 Qb7 16. e5 Nh5 17. Bg5 f6 18. exf6 exf6 19. Be3 Bf5 20. Bd3 Bxd3 21. Qxd3
f5 22. Na4 Rb3 23. Qc2 Rb8 24. Re2 Qb4 25. Ra1 Bxb2 26. Ra2 Bg7 27. h3 Ra3 28.
Bd2 Qb1+ 29. Qxb1 Rxb1+ 30. Be1 Rxa2 31. Rxa2 Nf4 32. Kh2 Rc1 33. Nb6 Kf7 34.
Bd2 Rb1 35. Bxf4 Rxb6 36. Bd2 Rb2 37. Ra3 Ke7 38. g3 Kd7 39. Kg2 Kc8 40. Bg5
Rb4 41. Nd2 Bd4 42. Bf4 Kd7 43. g4 fxg4 44. hxg4 Bb2 45. Rf3 a5 46. Bg5 a4 47.
Bf6 a3 48. Bc3 a2 49. Bxb2 Rxb2 50. Nb3 Rb1 51. Rf7+ Kc8 52. Rxh7 Rxb3 53. Rh6
a1=Q 54. Rxg6 Qd4 55. f3 Rb2+ 56. Kg3 Qe5+ 57. f4 Qe1+ 58. Kf3 Qe2+ 59. Kg3
Qe1+ 60. Kf3 Rf2+ 61. Kg3 Qg1+ 62. Kh4 Qh2+ 0-1

[Event "Cto de Aragon por Equipos Preferente"]
[Site "?"]
[Date "2021.04.17"]
[Round "5.43"]
[White "Sancho Cortes, Miguel Angel"]
[Black "Garcia Monterde, Francisco Jose"]
[Result "0-1"]
[WhiteElo "2039"]
[BlackElo "1850"]
[PlyCount "84"]
[EventDate "2021.03.13"]
[WhiteTeam "Marie Curie"]
[BlackTeam "IberCaja B"]

1. e4 c5 2. d4 d5 3. exd5 Qxd5 4. c3 Nc6 5. Nf3 Bg4 6. Be2 cxd4 7. cxd4 e6 8.
O-O Nf6 9. Bf4 Be7 10. h3 Bh5 11. Nc3 Qd8 12. Qb3 Bxf3 13. Bxf3 Nxd4 14. Qxb7
Nxf3+ 15. Qxf3 O-O 16. Qb7 Qd7 17. Qxd7 Nxd7 18. Rfd1 Nb6 19. Rac1 Rfd8 20.
Rxd8+ Rxd8 21. Nb5 Nd5 22. Bg3 a6 23. Nd4 Bf6 24. Nb3 g6 25. Rc6 Nb4 26. Rb6
Nxa2 27. Nc5 a5 28. b3 Nc1 29. Rb5 Ne2+ 30. Kh2 Nxg3 31. Kxg3 Bc3 32. Ne4 Bb4
33. Kf4 Kg7 34. Ke3 Rd7 35. g4 h6 36. h4 f5 37. gxf5 gxf5 38. Nc5 Bxc5+ 39.
Rxc5 Rb7 40. Rxa5 Rxb3+ 41. Kf4 Kf6 42. Ra6 Rh3 0-1

[Event "Cto de Aragon por Equipos Preferente"]
[Site "?"]
[Date "2021.04.17"]
[Round "5.44"]
[White "Garcia Acin, Pablo"]
[Black "Sanchez Burillo, Guillermo"]
[Result "1-0"]
[WhiteElo "1623"]
[BlackElo "1680"]
[PlyCount "57"]
[EventDate "2021.03.13"]
[WhiteTeam "IberCaja B"]
[BlackTeam "Marie Curie"]

1. e4 e5 2. Nf3 Nc6 3. Bb5 Nf6 4. d3 Bc5 5. c3 O-O 6. O-O d6 7. h3 Bb6 8. Re1
Ne7 9. Nbd2 c6 10. Ba4 Ng6 11. Nf1 Re8 12. Ng3 Be6 13. Be3 Qd7 14. d4 Qe7 15.
Nf5 Bxf5 16. exf5 Nf8 17. dxe5 dxe5 18. Bxb6 axb6 19. Rxe5 Qd7 20. Bb3 Qc7 21.
Qe2 h6 22. Re1 Rxe5 23. Nxe5 Nd5 24. Qf3 Re8 25. Qg3 Nd7 26. f4 Re7 27. Kh2
Nxf4 28. f6 Nxf6 29. Qxf4 1-0

[Event "Cto de Aragon por Equipos Preferente"]
[Site "?"]
[Date "2021.04.17"]
[Round "5.45"]
[White "Sanchez Perez, Carlos"]
[Black "Barranco Castillo, Jose Antonio"]
[Result "1-0"]
[WhiteElo "1497"]
[BlackElo "1588"]
[PlyCount "101"]
[EventDate "2021.03.13"]
[WhiteTeam "Marie Curie"]
[BlackTeam "IberCaja B"]

1. e4 d6 2. d4 Nf6 3. Bd3 e5 4. d5 Nbd7 5. b4 Be7 6. Ne2 h6 7. c4 a5 8. Qa4 O-O
9. Bd2 Nb6 10. Qc2 axb4 11. Bxb4 Nbd7 12. Nd2 Nc5 13. O-O Nh5 14. Nb3 g5 15.
Nxc5 dxc5 16. Bd2 Nf4 17. Nxf4 gxf4 18. Qd1 Kh7 19. h3 Rg8 20. Kh2 Bh4 21. Be1
Qg5 22. Rg1 Ra3 23. Qf3 h5 24. g3 Bg4 25. hxg4 hxg4 26. Qd1 Rg6 27. Rh1 Kg8 28.
gxh4 g3+ 29. fxg3 fxg3+ 30. Kg2 Qe3 31. Qe2 Rxd3 32. Qxe3 Rxe3 33. Rh3 Re2+ 34.
Kg1 Rxe4 35. Bc3 f5 36. Re1 Rxc4 37. Bxe5 f4 38. Bxc7 Rg7 39. Be5 Rd7 40. d6 b5
41. Rf1 Rf7 42. h5 Re4 43. d7 Rxd7 44. Bxf4 Ra7 45. Rxg3+ Kh7 46. Rg2 Rea4 47.
Rff2 Rd7 48. Kh2 Rad4 49. Kg3 c4 50. Rf3 b4 51. Kh3 1-0

[Event "ARA Cto de Aragon por Equipos Division de Honor Global"]
[Site "Aragon"]
[Date "2021.05.01"]
[Round "6.2"]
[White "Glavina, Pablo"]
[Black "Remiro Juste, Fernando Jose"]
[Result "1-0"]
[WhiteElo "2410"]
[BlackElo "2199"]
[PlyCount "0"]
[WhiteTeam "MyInvestor Casablanca"]
[BlackTeam "Agrupacion"]
[EventDate "2021.03.13"]

1. Nf3 g6 2. d4 Bg7 3. e4 d6 4. h3 Nf6 5. Bd3 O-O 6. O-O c5 7. c3 cxd4 8. cxd4
d5 9. e5 Ne8 10. Nc3 Nc6 11. Qb3 Nc7 12. Rd1 f6 13. exf6 Bxf6 14. Bf4 e6 15.
Bg3 Ne8 16. Ne2 Ng7 17. Rac1 Qb6 18. Qxb6 axb6 19. a3 Nf5 20. Bxf5 gxf5 21. Rc3
Ra4 22. Bc7 b5 23. b4 Bd7 24. Ne5 Bxe5 25. Bxe5 Kf7 26. Rdd3 Rg8 27. Kh2 Raa8
28. Ng1 Nxe5 29. dxe5 Rac8 30. Nf3 Ke7 (30... Rc4) 31. Rxc8 Rxc8 32. Kg3 Rg8+
33. Kh2 Rc8 34. Nd4 Rc4 35. Kg3 Kf7 36. Kf4 Kg6 37. f3 h5 38. Kg3 Kh6 39. f4
Kg6 40. Kh4 Kh6 41. g3 Rc1 42. Nb3 Rc2 43. g4 fxg4 44. hxg4 hxg4 45. Kxg4 b6
46. Nd4 Rc4 47. f5 exf5+ 48. Kf4 Kg6 49. e6 Bxe6 50. Ke5 Bc8 51. Rg3+ Kf7 52.
Rh3 Kg6 53. Rh8 Bb7 54. Rb8 Rc7 55. Nxf5 1-0

[Event "ARA Cto de Aragon por Equipos Division de Honor Global"]
[Site "Aragon"]
[Date "2021.05.01"]
[Round "6.3"]
[White "Moreno Martin-Viveros, Alvaro"]
[Black "Quintin Navarro, Alberto"]
[Result "0-1"]
[WhiteElo "2151"]
[BlackElo "2394"]
[PlyCount "0"]
[WhiteTeam "Agrupacion"]
[BlackTeam "MyInvestor Casablanca"]
[EventDate "2021.03.13"]

1. e4 e5 2. Nf3 Nc6 3. Bc4 Nf6 4. d4 exd4 5. O-O Bc5 6. e5 d5 7. exf6 dxc4 8.
fxg7 Rg8 9. Bg5 f6 10. Re1+ Kf7 11. Bh6 Bf5 12. Nh4 Bg6 13. Qe2 Qd5 14. Nc3
dxc3 15. Rad1 Rge8 16. Rxd5 Rxe2 17. Rxe2 cxb2 18. Rd7+ Kg8 19. Rd1 Nd4 20.
Red2 Bxc2 21. Rxc2 Nxc2 22. Nf3 c3 0-1

[Event "ARA Cto de Aragon por Equipos Division de Honor Global"]
[Site "Aragon"]
[Date "2021.05.01"]
[Round "6.4"]
[White "Vela Frago, Alberto"]
[Black "Lacruz Algarate, Alvaro"]
[Result "1/2-1/2"]
[WhiteElo "2065"]
[BlackElo "2097"]
[PlyCount "0"]
[WhiteTeam "MyInvestor Casablanca"]
[BlackTeam "Agrupacion"]
[EventDate "2021.03.13"]

1. c4 e5 2. Nc3 Nc6 3. Nf3 g6 4. d4 exd4 5. Nxd4 Bg7 6. Nxc6 bxc6 7. g3 Qe7 8.
Bg2 Qb4 9. Qb3 Rb8 10. Bd2 a6 (10... Qxb3 11. axb3 Rxb3 12. Rxa7 Rxb2 13. Rxc7
Ba6) 11. Qxb4 Rxb4 12. b3 Ne7 13. O-O-O Rb8 14. Kc2 O-O 15. e4 d6 16. Rhe1 Be6
17. f4 Rfd8 18. Bc1 c5 19. Bd2 Nc6 20. Ne2 Bg4 21. Be3 Bd4 22. h3 Bxh3 23. Bxh3
Bxe3 24. Rf1 Re8 25. Bg2 Re7 26. a3 Rbe8 (26... Nd4+ 27. Nxd4 Bxd4 28. g4) 27.
Kd3 (27. Nc3 Bd4 28. Nd5 Kg7 (28... Rd7 29. e5) 29. Nxe7 Nxe7) 27... Bd4 28. e5
Nd8 29. Nxd4 cxd4 30. exd6 Re3+ 31. Kxd4 Rxg3 32. Bd5 cxd6 33. Rd3 Ne6+ 34.
Bxe6 Rxd3+ 35. Kxd3 fxe6 36. b4 e5 (36... Rb8 37. Rb1 Kg7 38. a4 h6 39. a5 Kf6
40. b5 h5 41. b6 (41. bxa6 Ra8 42. Rb6 h4 43. Rxd6 h3 44. Ke4 h2) 41... Kf5)
37. fxe5 Rxe5 38. Kd4 Re2 39. Kd5 (39. b5 axb5 40. cxb5 Rb2 41. Kc4 g5 42. a4
g4 43. Kc3 Re2 44. b6) 39... Rd2+ 40. Kc6 Rc2 41. Rf4 Kg7 42. Kxd6 g5 43. Rd4
h5 44. b5 axb5 45. cxb5 Rc3 (45... Rb2 46. Rb4 Rxb4 47. axb4 g4 48. b6 g3 49.
b7 g2 50. b8=Q g1=Q 51. Qc7+ Kh6) 46. a4 (46. b6 Rxa3 47. b7 Rb3 48. Kc7 Rc3+
49. Kd7 Rb3 50. Kc8 Rc3+ 51. Kd8 Rb3 52. Rd7+ Kf6 53. Kc8 g4) 46... g4 47. b6
g3 48. Rd5 Rb3 49. Rxh5 Rxb6+ 50. Kc5 g2 51. Kxb6 g1=Q+ 52. Rc5 Qb1+ 53. Rb5
Qg6+ 54. Ka7 Qc6 55. Rb7+ Kf8 56. a5 Qc5+ 57. Ka6 Ke8 58. Rb5 Qc8+ 59. Ka7 Qc7+
60. Ka6 Kd8 61. Rb8+ 1/2-1/2

[Event "ARA Cto de Aragon por Equipos Division de Honor Global"]
[Site "Aragon"]
[Date "2021.05.01"]
[Round "6.5"]
[White "Cifuentes Parada, Roberto"]
[Black "Llanes Luno, Ricardo"]
[Result "1-0"]
[WhiteElo "2429"]
[BlackElo "2199"]
[PlyCount "0"]
[WhiteTeam "Jaque Pirenauto"]
[BlackTeam "Delicias"]
[EventDate "2021.03.13"]

1. d4 d5 2. c4 Nf6 3. cxd5 g6 4. Qa4+ Nbd7 5. Nc3 Bg7 6. e4 O-O 7. Nf3 a6 8.
Be2 b5 9. Qc2 Nb6 10. a3 Bb7 11. O-O Rc8 12. Bg5 c6 13. dxc6 Bxc6 14. d5 Bb7
15. Rad1 Na4 16. Bxf6 Bxf6 17. e5 Bg7 18. Qb3 Nxc3 19. bxc3 Qc7 20. c4 bxc4 21.
Bxc4 Rb8 22. d6 exd6 23. exd6 Qc5 24. Bd5 Bxd5 25. Qxd5 Qxa3 26. d7 Rfd8 27.
Rfe1 h6 28. h4 Bf6 29. h5 g5 30. Ne5 Bxe5 31. Qxe5 Qa4 32. Qe7 Kg7 33. Rd6 Qf4
34. g3 Qf3 35. Rg6+ Kh8 36. Qe5+ 1-0

[Event "ARA Cto de Aragon por Equipos Division de Honor Global"]
[Site "Aragon"]
[Date "2021.05.01"]
[Round "6.6"]
[White "Roche Simon, Manuel Angel"]
[Black "Escartin Lacasa, Jose"]
[Result "0-1"]
[WhiteElo "2046"]
[BlackElo "2111"]
[PlyCount "0"]
[WhiteTeam "Delicias"]
[BlackTeam "Jaque Pirenauto"]
[EventDate "2021.03.13"]


1. e4 c5 2. Nf3 e6 3. d4 cxd4 4. Nxd4 Nf6 5. Nc3 Nc6 6. Ndb5 d6 7. Bf4 e5 8.
Bg5 a6 9. Na3 Be6 10. Nc4 Rb8 11. a3 Nd4 12. Bxf6 Qxf6 13. Ne3 Qg6 14. Bd3 Be7
15. O-O O-O 16. Ncd5 Bg5 17. c3 Nc6 18. Nf5 Bxf5 19. exf5 Qh6 20. Bc2 b5 21.
Qd3 Ne7 22. Rad1 Rfc8 23. Bb3 Rc5 24. Nb4 Rb6 25. Qf3 Rc8 26. Nd5 Nxd5 27. Rxd5
a5 28. Rfd1 Be7 29. Qd3 b4 30. axb4 axb4 31. c4 Qg5 32. g3 g6 33. fxg6 hxg6 34.
f4 Qf6 35. fxe5 dxe5 36. Rf1 Qc6 37. Qf3 Bc5+ 38. Kg2 Qe6 39. Qe4 Rd6 40. Rxe5
Rd2+ 41. Kh1 Qh3 42. Re8+ Bf8 43. Qxg6+ fxg6 44. Rfxf8+ Kg7 0-1

[Event "ARA Cto de Aragon por Equipos Division de Honor Global"]
[Site "Aragon"]
[Date "2021.05.01"]
[Round "6.7"]
[White "Ereza Vizcarra, Fernando"]
[Black "Llanes Luno, Pedro Alfredo"]
[Result "1/2-1/2"]
[WhiteElo "2103"]
[BlackElo "2005"]
[PlyCount "0"]
[WhiteTeam "Jaque Pirenauto"]
[BlackTeam "Delicias"]
[EventDate "2021.03.13"]

1. d4 Nf6 2. c4 g6 3. Nc3 Bg7 4. e4 d6 5. f4 O-O 6. Nf3 Na6 7. Be2 Bg4 8. O-O
c5 9. d5 Nd7 10. h3 Bxf3 11. Bxf3 Nc7 12. a4 Rb8 13. Qe2 a6 14. a5 b5 15. axb6
Rxb6 16. Bg4 Rb3 17. Qc2 Rb4 18. Na2 Rb6 19. Rb1 Bd4+ 20. Kh1 Nf6 21. Bf3 Qd7
22. b4 Rfb8 23. Bd2 Nce8 24. bxc5 Rb2 25. Rxb2 Rxb2 26. Qd3 dxc5 27. Nc1 Nd6
28. Ne2 Nfxe4 29. Be1 Qf5 30. Qd1 Bg7 31. g4 Qd7 32. Qd3 f5 33. Ng3 Nxg3+ 34.
Bxg3 Rb4 35. Rc1 Qb7 36. Bf2 Rb3 37. Qe2 Rb2 38. Qe6+ Kf8 39. Bxc5 Qb3 40. Be3
Rc2 41. Rxc2 Qxc2 42. c5 Ne4 43. d6 exd6 44. cxd6 Qd3 45. Qe7+ Kg8 46. Qe6+ Kf8
47. d7 Bf6 48. Bc5+ Kg7 49. Bxe4 Qf1+ 50. Kh2 Qxf4+ 51. Kg2 fxe4 52. d8=Q Qf3+
53. Kh2 Qe2+ 54. Kh1 Qf1+ 55. Kh2 Qf4+ 56. Kg2 Qf3+ 57. Kh2 Qe2+ 58. Kg3
1/2-1/2

[Event "ARA Cto de Aragon por Equipos Division de Honor Global"]
[Site "Aragon"]
[Date "2021.05.01"]
[Round "6.8"]
[White "Gaspar Calvo, Luis Alberto"]
[Black "Buisan Zaharia, Pedro"]
[Result "0-1"]
[WhiteElo "1901"]
[BlackElo "1956"]
[PlyCount "0"]
[WhiteTeam "Delicias"]
[BlackTeam "Jaque Pirenauto"]
[EventDate "2021.03.13"]

1. c4 Nf6 2. Nc3 c6 3. e4 e5 4. Nf3 d6 5. d4 Nbd7 6. Be2 Be7 7. O-O O-O 8. h3
Qc7 9. Be3 Rd8 10. Rc1 a6 11. a3 b6 12. b4 Bb7 13. d5 c5 14. g4 Nf8 15. g5 Ne8
16. Nh4 Bc8 17. Nf5 Ng6 18. bxc5 dxc5 19. d6 Bxd6 20. Nd5 Qc6 21. f4 Bxf5 22.
exf5 Nxf4 23. Bxf4 exf4 24. Bf3 Qc8 25. Nxb6 Qxf5 26. Nxa8 Qxg5+ 27. Kh1 Qg3
28. Qe2 Qxh3+ 29. Qh2 Qf5 30. Nb6 Nf6 31. Nd5 Nxd5 32. cxd5 Rb8 33. Rce1 g6 34.
Re2 Kg7 35. Rb2 Qd3 36. Qe2 Qxa3 37. Rxb8 Bxb8 38. Rb1 Bd6 39. Qb2+ Qxb2 40.
Rxb2 Kf6 41. Rb6 Ke5 42. Rxa6 f5 43. Ra8 c4 44. Re8+ Kd4 45. Rd8 Ke5 46. Re8+
Kd4 47. Rd8 Ke5 48. Rc8 g5 49. Rxc4 g4 50. Bd1 Kxd5 51. Rc8 f3 52. Rh8 Ke5 53.
Rxh7 Kf4 54. Bc2 g3 55. Rh4+ Ke3 56. Bxf5 Kf2 57. Rg4 g2+ 0-1

[Event "ARA Cto de Aragon por Equipos Division de Honor Global"]
[Site "Aragon"]
[Date "2021.05.01"]
[Round "6.11"]
[White "Arpa Pardos, Emilio"]
[Black "Maza Broto, Pablo"]
[Result "0-1"]
[WhiteElo "1905"]
[BlackElo "2026"]
[PlyCount "0"]
[WhiteTeam "Teruel"]
[BlackTeam "Jaime Casas"]
[EventDate "2021.03.13"]

1. Nf3 Nf6 2. c4 e6 3. Nc3 d5 4. d4 Be7 5. Bg5 0-0 6. e3 c6 7. Bd3 Nbd7 8. Rc1 dxc4 
9. Bxc4 b5 10. Bd3 Bb7 11. 0-0 a6 12. Qe2 c5 13. Rfd1 c4 14. Bb1 Qa5 15. Ne5 b4 
16. Bxf6 Nxf6 17. Nxc4 Qc7 18. e4 bxc3 19. e5 Nd5 20. Bxh7+ Kxh7 21. Rxc3 Nxc3 22. 
Qh5+ Kg8 23. Rd3 Ne2+ 24. Kf1 Nf4  0-1

[Event "ARA Cto de Aragon por Equipos Division de Honor Global"]
[Site "Aragon"]
[Date "2021.05.01"]
[Round "6.12"]
[White "Lopez Gracia, Fernando"]
[Black "Ruperez Benito, Antonio"]
[Result "0-1"]
[WhiteElo "2299"]
[BlackElo "2363"]
[PlyCount "0"]
[WhiteTeam "Ibercaja"]
[BlackTeam "Palacio de Pioneros A"]
[EventDate "2021.03.13"]

1. e4 e6 2. d4 d5 3. Nd2 Nf6 4. e5 Nfd7 5. Bd3 c5 6. c3 Nc6 7. Ngf3 g6 8. h4 h6
9. Bc2 b6 10. a3 a5 11. Nf1 Ba6 12. Ne3 Qc7 13. Bd2 b5 14. h5 g5 15. O-O b4 16.
Re1 bxa3 17. bxa3 Bg7 18. Ng4 Rc8 19. Rc1 Nb6 20. Nxg5 hxg5 21. Bxg5 Rxh5 22.
Nf6+ Bxf6 23. Bxf6 Rh6 24. Qg4 Rxf6 25. exf6 Qd6 26. dxc5 Qxc5 27. Bg6 fxg6 28.
Qxg6+ Kd8 29. Rxe6 Nd7 30. Qg3 Nd4 31. Qg8+ Qf8 0-1

[Event "ARA Cto de Aragon por Equipos Division de Honor Global"]
[Site "Aragon"]
[Date "2021.05.01"]
[Round "6.13"]
[White "Palacios Herrero, Pablo"]
[Black "Torcal Miguel, Oscar"]
[Result "1-0"]
[WhiteElo "2243"]
[BlackElo "2101"]
[PlyCount "0"]
[WhiteTeam "Palacio de Pioneros A"]
[BlackTeam "Ibercaja"]
[EventDate "2021.03.13"]

1. e4 c5 2. Nf3 Nc6 3. d4 cxd4 4. Nxd4 g6 5. Nc3 Bg7 6. Be3 Nf6 7. Bc4 O-O 8.
Bb3 d6 9. f3 Bd7 10. h4 Ne5 11. h5 Nxh5 12. g4 Nf6 13. Qd2 Nfxg4 14. fxg4 Nxg4
15. O-O-O Nxe3 16. Qxe3 a5 17. Nf5 h5 18. Rdg1 a4 19. Rxg6 Bxf5 20. exf5 e6 21.
Bxe6 fxe6 22. Rhg1 Rf7 23. f6 Rxf6 24. Rxg7+ Kh8 25. Qg5 1-0

[Event "ARA Cto de Aragon por Equipos Division de Honor Global"]
[Site "Aragon"]
[Date "2021.05.01"]
[Round "6.14"]
[White "Villalba Embid, Marcos"]
[Black "Romero Pallares, Daniel"]
[Result "1/2-1/2"]
[WhiteElo "2020"]
[BlackElo "2203"]
[PlyCount "0"]
[WhiteTeam "Ibercaja"]
[BlackTeam "Palacio de Pioneros A"]
[EventDate "2021.03.13"]

1. e4 e5 2. Nf3 Nc6 3. Bc4 Nf6 4. d3 h6 5. O-O d6 6. c3 g5 7. Nbd2 Bg7 8. Bb3
Qe7 9. Nc4 Be6 10. Ne3 Qd7 11. Ba4 a6 12. d4 b5 13. Bc2 exd4 14. cxd4 d5 15. e5
Ng8 16. a4 Rb8 17. axb5 axb5 18. Ne1 Nb4 19. Nd3 Nxd3 20. Qxd3 Ne7 21. b4 h5
22. Bd2 Bh6 23. h4 Ng6 24. g3 gxh4 25. f4 hxg3 26. f5 Nf4 27. Rxf4 Bxf4 28.
fxe6 Bxe3+ 29. Qxe3 Qxe6 30. Qxg3 Kd7 31. Qf2 Rhg8+ 32. Kh2 Ke8 33. Bf5 Qe7 34.
Ra6 Rf8 35. Bh6 Rg8 36. e6 f6 37. Bd2 Rd8 38. Qe2 Qg7 39. Qxb5+ Ke7 40. Qc5+
Ke8 41. Qc6+ Kf8 42. Bh6 Qxh6 43. e7+ Kg7 44. exd8=Q Qf4+ 45. Kh1 Qf1+ 46. Kh2
Qf2+ 47. Kh1 Qf1+ 48. Kh2 Qf2+ 1/2-1/2

[Event "ARA Cto de Aragon por Equipos Division de Honor Global"]
[Site "Aragon"]
[Date "2021.05.01"]
[Round "6.15"]
[White "Aranaz Murillo, Amalia"]
[Black "Hinojar Basa, Alfonso"]
[Result "1-0"]
[WhiteElo "2224"]
[BlackElo "2163"]
[PlyCount "0"]
[WhiteTeam "Palacio de Pioneros B"]
[BlackTeam "Marcos Frechin"]
[EventDate "2021.03.13"]

1. Nf3 Nf6 2. c4 e6 3. g3 d5 4. Bg2 Be7 5. O-O O-O 6. b3 d4 7. Bb2 c5 8. b4 a5
9. bxc5 Bxc5 10. d3 Nc6 11. Ba3 Qd6 12. Bxc5 Qxc5 13. Nbd2 e5 14. Rb1 Re8 15.
Ng5 a4 16. Qc1 Ra5 17. Qb2 Qe7 18. Bxc6 bxc6 19. Qb4 Qxb4 20. Rxb4 c5 21. Rb5
Rxb5 22. cxb5 Nd5 23. Nge4 f5 24. Nxc5 Nc3 25. b6 Be6 26. Nxe6 Rxe6 27. Nc4 Re8
28. Kg2 e4 29. b7 Rb8 30. Nd6 g6 31. Rc1 Kf8 32. dxe4 fxe4 33. Nxe4 Rxb7 34.
Nxc3 dxc3 35. Rxc3 Rb2 36. Ra3 Rxe2 37. Rxa4 Rc2 38. Ra7 Kg8 39. g4 Rd2 40. Kg3
Rd3+ 41. f3 Rd2 42. h4 Rc2 43. h5 gxh5 44. gxh5 Rc5 45. Kg4 Rc4+ 46. f4 Rc2 47.
Kg5 Rc6 48. a4 Rd6 49. a5 Rc6 50. a6 Rb6 51. Ra8+ Kg7 52. h6+ Kf7 53. a7 Rg6+
54. Kh5 Ra6 55. Rh8 1-0

[Event "ARA Cto de Aragon por Equipos Division de Honor Global"]
[Site "Aragon"]
[Date "2021.05.01"]
[Round "6.16"]
[White "Jario Garcia, Ricardo"]
[Black "Zambrana Petisme, Ramiro"]
[Result "1/2-1/2"]
[WhiteElo "2045"]
[BlackElo "2102"]
[PlyCount "0"]
[WhiteTeam "Marcos Frechin"]
[BlackTeam "Palacio de Pioneros B"]
[EventDate "2021.03.13"]

1. e4 c5 2. Nf3 g6 3. d4 cxd4 4. Qxd4 Nf6 5. e5 Nc6 6. Qa4 Nd5 7. Qe4 Ndb4 8.
Bb5 Bg7 9. O-O O-O 10. Bf4 Qa5 11. Bxc6 Nxc6 12. Nc3 d6 13. Rfe1 Bf5 14. Qd5
Qb4 15. Qd2 Qxb2 16. Rab1 Qxc2 17. Qxc2 Bxc2 18. Rxb7 Rab8 19. Rc7 Nxe5 20.
Nxe5 dxe5 21. Bxe5 Bxe5 22. Rxe5 e6 23. Ra5 Rfc8 24. Raxa7 Rxc7 25. Rxc7 Rb2
26. f3 Bd3 27. a4 Kf8 28. Rd7 Bc4 29. Ne4 Ra2 30. Nd6 Rxa4 31. Rxf7+ Kg8 32.
Rc7 Bd5 33. Ne8 Rf4 34. Kf2 1/2-1/2

[Event "ARA Cto de Aragon por Equipos Division de Honor Global"]
[Site "Aragon"]
[Date "2021.05.01"]
[Round "6.17"]
[White "Sacristan Latorre, Alberto"]
[Black "Moya Gimeno, Raul"]
[Result "1-0"]
[WhiteElo "2114"]
[BlackElo "1870"]
[PlyCount "0"]
[WhiteTeam "Palacio de Pioneros B"]
[BlackTeam "Marcos Frechin"]
[EventDate "2021.03.13"]

1. e4 c5 2. c3 Nf6 3. e5 Nd5 4. g3 d6 5. exd6 Qxd6 6. Bg2 Nc6 7. Ne2 e5 8. O-O
Be6 9. d4 exd4 10. cxd4 Be7 11. Nbc3 Nxc3 12. bxc3 cxd4 13. cxd4 Bd5 14. Bf4
Qd7 15. Bxd5 Qxd5 16. Nc3 Qc4 17. d5 Nd4 18. d6 Bf6 19. Re1+ Kd7 20. Rc1 Rhe8
21. Ne4 Rxe4 22. Rxe4 Qd5 23. Qg4+ Ne6 24. Rec4 h5 25. Qh3 Bb2 26. Rc7+ Kd8 27.
R1c2 Bf6 28. Rd2 Qe4 29. Rcc2 Nd4 30. Rxd4 Bxd4 31. Rd2 Rc8 32. Qxh5 Rc5 33.
Qd1 Bf6 34. h4 Rc6 35. Re2 Qf5 36. Qe1 Kd7 37. Re8 Rb6 38. Rf8 Rb1 39. Rxf7+
Kc6 40. Rc7+ Kd5 41. Rc1 Rxc1 42. Qxc1 Bd8 43. Qd1+ Kc6 44. Qf3+ Kb5 45. Qxb7+
Bb6 46. d7 Qb1+ 47. Kg2 Qd1 48. Be3 1-0

[Event "ARA Cto de Aragon por Equipos Division de Honor Global"]
[Site "Aragon"]
[Date "2021.05.01"]
[Round "6.18"]
[White "Lopez Lozano, David"]
[Black "Colom Sienes, Eduardo"]
[Result "0-1"]
[WhiteElo "1701"]
[BlackElo "2094"]
[PlyCount "0"]
[WhiteTeam "Marcos Frechin"]
[BlackTeam "Palacio de Pioneros B"]
[EventDate "2021.03.13"]

1. c4 Nf6 2. Nc3 g6 3. g3 Bg7 4. Bg2 O-O 5. e3 d6 6. Nge2 c5 7. O-O Nc6 8. Rb1
Rb8 9. a3 a6 10. b4 cxb4 11. axb4 Bd7 12. d3 b5 13. cxb5 axb5 14. d4 Qb6 15.
Qd3 Rfc8 16. Bd2 Be6 17. Rfe1 Bc4 18. Qc2 e5 19. d5 Ne7 20. e4 Ng4 21. Qb2 Nxf2
22. h3 Nd3+ 0-1

[Event "ARA Cto de Aragon por Equipos Division de Honor Global"]
[Site "Aragon"]
[Date "2021.05.01"]
[Round "6.19"]
[White "Del Rey, Diego"]
[Black "Garza Marco, Sergio"]
[Result "1/2-1/2"]
[WhiteElo "2383"]
[BlackElo "2399"]
[PlyCount "0"]
[WhiteTeam "El Olivar"]
[BlackTeam "Helios"]
[EventDate "2021.03.13"]

1. Nf3 d5 2. d4 Nf6 3. c4 e6 4. g3 Be7 5. Bg2 O-O 6. O-O dxc4 7. Qc2 b6 8. Ne5
Qxd4 9. Bxa8 Qxe5 10. Bf3 Ba6 11. Bf4 Qc5 12. Be3 Qe5 13. Bf4 Qc5 14. Be3 Qe5
15. Bf4 1/2-1/2